[Event "EU-chT Seniors"]
[Site "Vienna"]
[Date "2015.07.18"]
[Round "7.8"]
[White "Bukacek, Emil"]
[Black "Vucenovic, Dragomir"]
[Result "1/2-1/2"]
[WhiteElo "2153"]
[BlackElo "2229"]
[PlyCount "69"]
[EventDate "2015.07.12"]
[EventType "team-swiss"]
[EventRounds "9"]
[EventCountry "AUT"]
[SourceTitle "EXT 2018"]
[Source "ChessBase"]
[SourceDate "2017.10.13"]
[SourceVersion "1"]
[SourceVersionDate "2017.10.13"]
[SourceQuality "1"]
[WhiteTeam "Niederoesterreich"]
[BlackTeam "Switzerland"]
[WhiteTeamCountry "AUT"]
[BlackTeamCountry "SUI"]

1. e4 e5 2. Bc4 Nc6 3. d3 Bc5 4. Nf3 Nf6 5. Nc3 h6 6. h3 d6 7. a3 Qe7 8. Qe2 Be6 9. Nd5 Bxd5 10. exd5 Nb8 11. Nd2 Nbd7 12. Ne4 Bb6 13. Nxf6+ Nxf6 14. Bb5+ Kf8 15. c4 g6 16. Ba4 Kg7 17. g4 Bd4 18. Be3 Bxe3 19. Qxe3 a6 20. 0-0 b5 21. Bc2 Nd7 22. f4 f6 23. cxb5 axb5 24. d4 Rae8 25. fxe5 fxe5 26. Qe4 Nf8 27. Rae1 h5 28. Rxf8 Rhxf8 29. Qxg6+ Kh8 30. Qxh5+ Kg8 31. Bf5 Qg7 32. Be6+ Rxe6 33. dxe6 Qf6 34. Qf5 Qh6 35. g5 1/2-1/2

[Event "EU-chT Seniors"]
[Site "Vienna"]
[Date "2015.07.16"]
[Round "5.13"]
[White "Bukacek, Emil"]
[Black "Bowmer, Kevin"]
[Result "1/2-1/2"]
[WhiteElo "2153"]
[BlackElo "2067"]
[PlyCount "41"]
[EventDate "2015.07.12"]
[EventType "team-swiss"]
[EventRounds "9"]
[EventCountry "AUT"]
[SourceTitle "EXT 2018"]
[Source "ChessBase"]
[SourceDate "2017.10.13"]
[SourceVersion "1"]
[SourceVersionDate "2017.10.13"]
[SourceQuality "1"]
[WhiteTeam "Niederoesterreich"]
[BlackTeam "England II"]
[WhiteTeamCountry "AUT"]
[BlackTeamCountry "ENG"]

1. e4 c5 2. Nc3 g6 3. f4 Bg7 4. Nf3 Nc6 5. Bb5 Nd4 6. 0-0 Nxb5 7. Nxb5 d5 8. e5 Bg4 9. d4 a6 10. Nc3 cxd4 11. Qxd4 Bxf3 12. Rxf3 e6 13. Be3 Ne7 14. Qd2 Nf5 15. Bf2 h5 16. Ne2 Rc8 17. Rc1 Bf8 18. Rd3 b5 19. Nd4 Nxd4 20. Bxd4 Be7 21. c3 1/2-1/2

[Event "Niederoesterreich Landesliga 1213"]
[Site "Austria"]
[Date "2013.02.17"]
[Round "6.3"]
[White "Bukacek, Emil"]
[Black "Wadsack, Winfried"]
[Result "1/2-1/2"]
[WhiteElo "2129"]
[BlackElo "2089"]
[PlyCount "110"]
[EventDate "2012.09.30"]
[EventType "team-tourn"]
[EventRounds "7"]
[EventCountry "AUT"]
[SourceTitle "EXT 2022"]
[Source "ChessBase"]
[SourceDate "2021.10.06"]
[SourceVersion "1"]
[SourceVersionDate "2021.10.06"]
[SourceQuality "1"]

1. e4 d5 2. exd5 Nf6 3. c4 c6 4. Nc3 cxd5 5. d4 Nc6 6. h3 e6 7. Nf3 Be7 8. Be2 0-0 9. 0-0 b6 10. Bg5 dxc4 11. Bxc4 Bb7 12. Rc1 Rc8 13. Be2 Nd5 14. Bxe7 Ndxe7 15. Qd2 Qd7 16. Rfd1 Rfd8 17. Qf4 Ng6 18. Qg3 Nce7 19. Ne5 Nf5 20. Nxd7 Nxg3 21. Nf6+ gxf6 22. fxg3 Ne7 23. g4 f5 24. Bf3 Bxf3 25. gxf3 fxg4 26. hxg4 Rc4 27. Ne2 Rdc8 28. Rxc4 Rxc4 29. Rd2 Nd5 30. Kf2 Kg7 31. Ng3 Kg6 32. Nf1 Rc1 33. Ne3 Nf4 34. Ng2 Kg5 35. a3 a5 36. Nxf4 Kxf4 37. Re2 f5 38. gxf5 exf5 39. Rd2 Rc6 40. Kg2 Rg6+ 41. Kf2 a4 42. Rd3 Rc6 43. d5 Rc2+ 44. Ke1 Rc7 45. d6 Rd7 46. Rd5 Kxf3 47. Rxf5+ Ke4 48. Rh5 Rxd6 49. Rxh7 Kd3 50. Kd1 b5 51. Rh3+ Kc4+ 52. Kc2 Rg6 53. Rh4+ Kc5 54. Rh5+ Kc4 55. Rh4+ Kc5 1/2-1/2

[Event "EU-chT Seniors"]
[Site "Rogaska Slatina"]
[Date "2012.03.28"]
[Round "2.7"]
[White "Zunker, Reinhard"]
[Black "Bukacek, Emil"]
[Result "1/2-1/2"]
[WhiteElo "2177"]
[BlackElo "2155"]
[PlyCount "34"]
[EventDate "2012.03.27"]
[EventType "team-swiss"]
[EventRounds "9"]
[EventCountry "SLO"]
[SourceTitle "CBM 147 Extra"]
[Source "ChessBase"]
[SourceDate "2012.04.24"]
[SourceVersion "1"]
[SourceVersionDate "2012.04.24"]
[SourceQuality "1"]
[WhiteTeam "Hessen (Seniors)"]
[BlackTeam "Niederoesterreich (Seniors)"]
[WhiteTeamCountry "GER"]
[BlackTeamCountry "AUT"]

1. e4 c5 2. Nf3 Nc6 3. Bb5 g6 4. 0-0 Bg7 5. h3 e5 6. c3 Nge7 7. Na3 0-0 8. Re1 d6 9. d3 h6 10. Nc2 f5 11. Ne3 Kh7 12. Bc4 Rb8 13. a4 a6 14. Nd5 b5 15. Ba2 Nxd5 16. Bxd5 Ne7 17. axb5 axb5 1/2-1/2

[Event "EU-chT Seniors 12th"]
[Site "Dresden"]
[Date "2010.02.15"]
[Round "6"]
[White "Ager, Josef"]
[Black "Bukacek, Emil"]
[Result "1/2-1/2"]
[WhiteElo "2223"]
[BlackElo "2181"]
[PlyCount "27"]
[EventDate "2010.02.10"]
[EventType "team-swiss"]
[EventRounds "9"]
[EventCountry "GER"]
[SourceTitle "CBM 134 Extra"]
[Source "ChessBase"]
[SourceDate "2010.03.03"]
[SourceVersion "1"]
[SourceVersionDate "2010.03.03"]
[SourceQuality "1"]
[WhiteTeam "Salzburg Seniors"]
[BlackTeam "Vienna (Seniors) II"]
[WhiteTeamCountry "AUT"]
[BlackTeamCountry "AUT"]

1. d4 f5 2. Nc3 d5 3. Bg5 g6 4. h4 h6 5. Bf4 Bg7 6. e3 e6 7. Qf3 Ne7 8. Qg3 Na6 9. Bxa6 bxa6 10. Bxc7 Qd7 11. Nge2 Rg8 12. Be5 Bf8 13. Bd6 g5 14. hxg5 1/2-1/2

[Event "EU-chT Seniors 12th"]
[Site "Dresden"]
[Date "2010.02.14"]
[Round "5"]
[White "Bukacek, Emil"]
[Black "Nordenstrom, Sven"]
[Result "1-0"]
[WhiteElo "2181"]
[BlackElo "1961"]
[PlyCount "89"]
[EventDate "2010.02.10"]
[EventType "team-swiss"]
[EventRounds "9"]
[EventCountry "GER"]
[SourceTitle "CBM 134 Extra"]
[Source "ChessBase"]
[SourceDate "2010.03.03"]
[SourceVersion "1"]
[SourceVersionDate "2010.03.03"]
[SourceQuality "1"]
[WhiteTeam "Vienna (Seniors) II"]
[BlackTeam "Sweden (Seniors) IV"]
[WhiteTeamCountry "AUT"]
[BlackTeamCountry "SWE"]

1. e4 c5 2. Nc3 Nc6 3. Nf3 d6 4. g3 e6 5. Bg2 g6 6. d4 cxd4 7. Nxd4 Bg7 8. Ndb5 Bf8 9. Bf4 Ne5 10. Qd4 a6 11. Rd1 f6 12. Bxe5 fxe5 13. Nxd6+ Qxd6 14. Qxd6 Bxd6 15. Rxd6 Ke7 16. Rd2 Bd7 17. Nd1 Rc8 18. Ne3 Nf6 19. f3 Bb5 20. Bf1 Bc6 21. Bd3 Nd7 22. Kf2 Rhf8 23. b4 Rf7 24. Ke2 Rcf8 25. Rf1 h5 26. c4 Nb8 27. b5 Bd7 28. Rb2 axb5 29. cxb5 Rc8 30. Rc2 Rxc2+ 31. Nxc2 Rf8 32. Kd2 Kd6 33. Ne3 Ke7 34. a4 Bc8 35. Nc4 Nd7 36. Ke3 g5 37. Be2 b6 38. Rc1 Rd8 39. a5 bxa5 40. Nxa5 Nb8 41. Rc7+ Bd7 42. b6 Rc8 43. Bb5 Kd8 44. Nb7+ Ke7 45. Nc5 1-0

[Event "EU-chT Seniors 11th"]
[Site "Velden"]
[Date "2009.04.09"]
[Round "5"]
[White "Braun, Gottfried"]
[Black "Bukacek, Emil"]
[Result "1/2-1/2"]
[WhiteElo "2318"]
[BlackElo "2211"]
[PlyCount "84"]
[EventDate "2009.04.05"]
[EventType "team-swiss"]
[EventRounds "9"]
[EventCountry "AUT"]
[SourceTitle "CBM 129 Extra"]
[Source "ChessBase"]
[SourceDate "2009.05.05"]
[SourceVersion "2"]
[SourceVersionDate "2009.05.20"]
[SourceQuality "1"]

1. e4 c5 2. c3 e5 3. Nf3 Nc6 4. Bc4 Qc7 5. d3 Nf6 6. 0-0 Be7 7. a3 0-0 8. b4 b6 9. Nbd2 d6 10. Re1 Be6 11. Qb3 Nd8 12. a4 a6 13. Bb2 Bxc4 14. Nxc4 Ne6 15. b5 a5 16. g3 Rfe8 17. Rac1 Rad8 18. Ne3 Bf8 19. Nd2 Qb7 20. Ndc4 g6 21. Qd1 h5 22. Qf3 Ng5 23. Qg2 Bh6 24. Rcd1 Ne6 25. Bc1 Bg7 26. Rf1 Rd7 27. f4 Nc7 28. fxe5 dxe5 29. Qh3 Rdd8 30. Rf2 Re6 31. Qf1 Rd7 32. Qe2 Qc8 33. Rdf1 Qd8 34. Nb2 Nh7 35. Nec4 Ne8 36. Rf3 Ng5 37. Bxg5 Qxg5 38. Qf2 Qe7 39. Nd1 Rf6 40. Rxf6 Nxf6 41. Qe2 Qe6 42. Nde3 Bh6 1/2-1/2

[Event "AUT-chT2O 0809"]
[Site "Austria"]
[Date "2009.01.17"]
[Round "6.3"]
[White "Steiner, Adam"]
[Black "Bukacek, Emil"]
[Result "1/2-1/2"]
[WhiteElo "2212"]
[BlackElo "2211"]
[PlyCount "45"]
[EventDate "2008.10.03"]
[EventType "team-tourn"]
[EventRounds "11"]
[EventCountry "AUT"]
[SourceTitle "EXT 2010"]
[Source "ChessBase"]
[SourceDate "2010.11.25"]
[SourceVersion "1"]
[SourceVersionDate "2010.11.25"]
[SourceQuality "1"]
[WhiteTeam "Wiener Neustadt"]
[BlackTeam "Wien Austria"]
[WhiteTeamCountry "AUT"]
[BlackTeamCountry "AUT"]

1. e4 e5 2. Nc3 Nf6 3. f4 d6 4. Nf3 Nc6 5. Bc4 Bg4 6. d3 Nd4 7. Be3 Bxf3 8. gxf3 Nh5 9. fxe5 dxe5 10. 0-0 Nf4 11. Kh1 c6 12. Bxf4 exf4 13. Ne2 Nxe2 14. Qxe2 Bc5 15. c3 Be3 16. Rae1 0-0 17. a3 Qe7 18. Ba2 Rfd8 19. d4 c5 20. d5 Rd6 21. Qd3 Rh6 22. Rxe3 Rxh2+ 23. Kxh2 1/2-1/2

[Event "EU-chT Seniors 08th"]
[Site "Dresden"]
[Date "2006.02.18"]
[Round "2"]
[White "Bukacek, Emil"]
[Black "Shabanov, Yuri"]
[Result "1/2-1/2"]
[WhiteElo "2259"]
[BlackElo "2427"]
[PlyCount "71"]
[EventDate "2006.02.17"]
[EventType "team-swiss"]
[EventRounds "8"]
[EventCountry "GER"]
[SourceTitle "CBM 111 Extra"]
[Source "ChessBase"]
[SourceDate "2006.05.09"]
[SourceVersion "1"]
[SourceVersionDate "2006.05.09"]
[SourceQuality "1"]
[WhiteTeam "Salzburg"]
[BlackTeam "Moscow Dostoinstvo"]
[WhiteTeamCountry "AUT"]
[BlackTeamCountry "RUS"]

1. e4 g6 2. d4 Bg7 3. Nc3 d6 4. Nf3 Nf6 5. Be3 c6 6. Qd2 b5 7. Bd3 Nbd7 8. Bh6 Bxh6 9. Qxh6 e5 10. dxe5 dxe5 11. h3 Qe7 12. 0-0 Bb7 13. Rfe1 Nh5 14. Rad1 a6 15. Bf1 Rd8 16. a3 Nf4 17. Rd2 Qf8 18. Qxf8+ Rxf8 19. Red1 Ke7 20. g3 Ne6 21. h4 f6 22. Bh3 a5 23. b4 axb4 24. axb4 Nb8 25. Bxe6 Rxd2 26. Nxd2 Kxe6 27. Nb3 Na6 28. Ra1 Ra8 29. Nc5+ Nxc5 30. Rxa8 Bxa8 31. bxc5 Bb7 32. f3 Bc8 33. Na2 Bd7 34. Kf2 h6 35. Nb4 Be8 36. Ke3 1/2-1/2

[Event "AUT-chT2O 0506"]
[Site "Austria"]
[Date "2006.01.15"]
[Round "6.2"]
[White "Bukacek, Emil"]
[Black "Pichler, Michael"]
[Result "0-1"]
[WhiteElo "2259"]
[BlackElo "2185"]
[PlyCount "58"]
[EventDate "2005.11.19"]
[EventType "team"]
[EventRounds "11"]
[EventCountry "AUT"]
[SourceTitle "EXT 2006"]
[Source "ChessBase"]
[SourceDate "2005.11.24"]
[SourceVersion "1"]
[SourceVersionDate "2005.11.24"]
[SourceQuality "1"]
[WhiteTeam "Wien Austria"]
[BlackTeam "Eichgraben"]
[WhiteTeamCountry "AUT"]
[BlackTeamCountry "AUT"]

1. e4 e6 2. d4 d5 3. Nd2 dxe4 4. Nxe4 Bd7 5. Nf3 Bc6 6. Bd3 Nd7 7. 0-0 Ngf6 8. Ng3 Be7 9. b3 0-0 10. Bb2 Bxf3 11. Qxf3 c6 12. c4 Re8 13. Rfe1 Nf8 14. h4 Qc7 15. Rac1 Ng6 16. h5 Nh4 17. Qe3 Bd6 18. Qg5 Bxg3 19. fxg3 Nf5 20. Bxf5 h6 21. Qh4 exf5 22. Rf1 Re2 23. Ba1 Qe7 24. Rc3 Re4 25. g4 fxg4 26. Rcc1 Re8 27. Rcd1 Re2 28. d5 Qe4 29. Qh2 Nxh5 0-1

[Event "AUT-chT2O 0506"]
[Site "Austria"]
[Date "2006.01.14"]
[Round "5.6"]
[White "Savio, Alfred"]
[Black "Bukacek, Emil"]
[Result "0-1"]
[WhiteElo "2036"]
[BlackElo "2259"]
[PlyCount "80"]
[EventDate "2005.11.19"]
[EventType "team"]
[EventRounds "11"]
[EventCountry "AUT"]
[SourceTitle "EXT 2006"]
[Source "ChessBase"]
[SourceDate "2005.11.24"]
[SourceVersion "1"]
[SourceVersionDate "2005.11.24"]
[SourceQuality "1"]
[WhiteTeam "Mattersburg"]
[BlackTeam "Wien Austria"]
[WhiteTeamCountry "AUT"]
[BlackTeamCountry "AUT"]

1. d4 f5 2. c4 d6 3. g3 Nf6 4. Bg2 g6 5. Nc3 Bg7 6. Qb3 c6 7. Nf3 Qc7 8. 0-0 Na6 9. Bg5 e5 10. Bxf6 Bxf6 11. e3 Be6 12. Qa4 0-0 13. Rac1 Qf7 14. Ne2 g5 15. b3 Qh5 16. dxe5 dxe5 17. Qa5 Rae8 18. Rcd1 Bc8 19. b4 f4 20. e4 g4 21. Nxf4 Qh6 22. Nxe5 Bxe5 23. Nd3 Bc7 24. Qa3 Bb8 25. Rfe1 Nc7 26. Qb2 Ne6 27. c5 Ng5 28. Re3 Nf3+ 29. Bxf3 Rxf3 30. Rxf3 gxf3 31. e5 Qe6 32. Re1 Qc4 33. Qd2 Qg4 34. Re3 Bf5 35. Ne1 Be4 36. Qd4 Bf5 37. Qd2 Be6 38. Rxf3 Bxe5 39. h3 Qxh3 40. Qg5+ Bg7 0-1

[Event "AUT-chT2O 0506"]
[Site "Austria"]
[Date "2005.11.20"]
[Round "4.1"]
[White "Kuthan, Andreas"]
[Black "Bukacek, Emil"]
[Result "1/2-1/2"]
[WhiteElo "2220"]
[BlackElo "2259"]
[PlyCount "42"]
[EventDate "2005.11.19"]
[EventType "team"]
[EventRounds "11"]
[EventCountry "AUT"]
[SourceTitle "CBM 109 Extra"]
[Source "ChessBase"]
[SourceDate "2006.01.03"]
[SourceVersion "2"]
[SourceVersionDate "2006.01.03"]
[SourceQuality "1"]

1. e4 c5 2. c3 Nf6 3. e5 Nd5 4. d4 cxd4 5. Nf3 Nc6 6. Bc4 Nb6 7. Bb3 d5 8. exd6 Qxd6 9. 0-0 dxc3 10. Nxc3 Qxd1 11. Rxd1 Bg4 12. Nb5 Rc8 13. Be3 Bxf3 14. gxf3 e6 15. Nxa7 Nxa7 16. Bxb6 Nc6 17. Rd3 Be7 18. Rad1 0-0 19. Rd7 Bf6 20. Rxb7 Bxb2 21. Kg2 Ba3 1/2-1/2

[Event "AUT-chT2O 0405"]
[Site "Austria"]
[Date "2005.01.30"]
[Round "6.3"]
[White "Bukacek, Emil"]
[Black "Hangweyrer, Manfred"]
[Result "1/2-1/2"]
[WhiteElo "2240"]
[BlackElo "2347"]
[PlyCount "87"]
[EventDate "2004.10.09"]
[EventType "team-tourn"]
[EventRounds "11"]
[EventCountry "AUT"]
[SourceTitle "EXT 2005"]
[Source "ChessBase"]
[SourceDate "2004.11.15"]
[SourceVersion "1"]
[SourceVersionDate "2004.11.15"]
[SourceQuality "1"]
[WhiteTeam "Wien Austria"]
[BlackTeam "Stockerau"]
[WhiteTeamCountry "AUT"]
[BlackTeamCountry "AUT"]

1. e4 d5 2. exd5 Qxd5 3. Nc3 Qd6 4. d4 Nf6 5. Bc4 a6 6. Nge2 Qc6 7. Qd3 Qxg2 8. Rg1 Qh3 9. Qxh3 Bxh3 10. Nf4 Bf5 11. Nfd5 Kd7 12. Bf4 Nxd5 13. Bxd5 Nc6 14. Bxf7 Bxc2 15. Rg5 e6 16. d5 exd5 17. Rxd5+ Bd6 18. Bxd6 cxd6 19. Bh5 Bg6 20. Bxg6 hxg6 21. Rad1 Rae8+ 22. Kf1 Re6 23. Kg2 Rh5 24. R1d2 Ne7 25. R5d3 b5 26. Ne2 Rg5+ 27. Ng3 Rc5 28. f3 Nf5 29. Ne4 Rc1 30. Ra3 Rc6 31. Rad3 Ke7 32. Kf2 Re5 33. Nc3 g5 34. Nd5+ Kd7 35. Nc3 Nh6 36. Ne4 Nf7 37. Kg3 Kc7 38. Kg4 Re8 39. Kg3 b4 40. Rd5 Re5 41. Rxe5 dxe5 42. Kg4 Rc1 43. Kf5 Rc6 44. Kg4 1/2-1/2

[Event "AUT-chT2O 0405"]
[Site "Austria"]
[Date "2004.10.10"]
[Round "2.3"]
[White "Krpelan, Wolfgang"]
[Black "Bukacek, Emil"]
[Result "1-0"]
[WhiteElo "2246"]
[BlackElo "2240"]
[PlyCount "57"]
[EventDate "2004.10.09"]
[EventType "team-tourn"]
[EventRounds "11"]
[EventCountry "AUT"]
[SourceTitle "EXT 2005"]
[Source "ChessBase"]
[SourceDate "2004.11.15"]
[SourceVersion "1"]
[SourceVersionDate "2004.11.15"]
[SourceQuality "1"]
[WhiteTeam "Lackenbach"]
[BlackTeam "Wien Austria"]
[WhiteTeamCountry "AUT"]
[BlackTeamCountry "AUT"]

1. d4 f5 2. Nc3 d5 3. Bg5 c6 4. e3 g6 5. h4 h6 6. Bf4 Nf6 7. Nf3 Be6 8. Ne5 Rg8 9. Be2 Nbd7 10. Qd3 Ne4 11. Nxe4 fxe4 12. Qa3 Nxe5 13. Bxe5 b5 14. Qb3 a5 15. a4 b4 16. c3 Qb6 17. cxb4 axb4 18. 0-0 Bg7 19. Bxg7 Rxg7 20. Rfc1 Bd7 21. Rc5 Ra5 22. Rac1 Ra7 23. Ra1 Ra5 24. Rxa5 Qxa5 25. Rc1 e5 26. Rc5 Qa7 27. Qxb4 exd4 28. Qxd4 Re7 29. Rxd5 1-0

[Event "AUT-chT2O 0304"]
[Site "Austria"]
[Date "2004.02.01"]
[Round "9.4"]
[White "Thoma, Wilhelm"]
[Black "Bukacek, Emil"]
[Result "1/2-1/2"]
[WhiteElo "2161"]
[BlackElo "2267"]
[PlyCount "24"]
[EventDate "2003.10.25"]
[EventType "team-tourn"]
[EventRounds "11"]
[EventCountry "AUT"]
[SourceTitle "EXT 2005"]
[Source "ChessBase"]
[SourceDate "2004.11.15"]
[SourceVersion "1"]
[SourceVersionDate "2004.11.15"]
[SourceQuality "1"]
[WhiteTeam "Mauerbach"]
[BlackTeam "Wien Austria"]
[WhiteTeamCountry "AUT"]
[BlackTeamCountry "AUT"]

1. d4 f5 2. Nf3 Nf6 3. g3 g6 4. Bg2 Bg7 5. 0-0 0-0 6. c4 d6 7. Nc3 Nc6 8. d5 Ne5 9. Nxe5 dxe5 10. Qb3 Kh8 11. Rd1 a6 12. Bd2 h6 1/2-1/2

[Event "AUT-chT2O 0304"]
[Site "Austria"]
[Date "2004.01.31"]
[Round "8.4"]
[White "Bukacek, Emil"]
[Black "Ganaus, Hannes"]
[Result "1/2-1/2"]
[WhiteElo "2267"]
[BlackElo "2349"]
[PlyCount "119"]
[EventDate "2003.10.25"]
[EventType "team-tourn"]
[EventRounds "11"]
[EventCountry "AUT"]
[SourceTitle "EXT 2005"]
[Source "ChessBase"]
[SourceDate "2004.11.15"]
[SourceVersion "1"]
[SourceVersionDate "2004.11.15"]
[SourceQuality "1"]
[WhiteTeam "Wien Austria"]
[BlackTeam "Donau Schach Mattes"]
[WhiteTeamCountry "AUT"]
[BlackTeamCountry "AUT"]

1. e4 g6 2. d4 Bg7 3. c3 d6 4. f4 b6 5. Nf3 Bb7 6. Bd3 Nd7 7. 0-0 e6 8. Qe1 Ne7 9. Nbd2 d5 10. Ne5 dxe4 11. Nxe4 h6 12. Bb5 Bc8 13. Nc6 Nxc6 14. Bxc6 Rb8 15. b3 0-0 16. Ba3 Re8 17. Rd1 Bb7 18. Bxb7 Rxb7 19. Bb2 Nf6 20. Nxf6+ Bxf6 21. Qe4 Qd5 22. Qxd5 exd5 23. f5 Kg7 24. fxg6 fxg6 25. Rfe1 Rbb8 26. Rxe8 Rxe8 27. Kf2 h5 28. Re1 Rxe1 29. Kxe1 g5 30. h3 g4 31. hxg4 hxg4 32. Ke2 Kg6 33. Bc1 Kf5 34. Kd3 Bh4 35. c4 c6 36. cxd5 cxd5 37. a4 a6 38. Bd2 Bg3 39. Bc1 Bf4 40. Ba3 Bc7 41. Bc1 Bd6 42. Bd2 b5 43. axb5 axb5 44. Be3 Bf4 45. Bf2 Bd6 46. Be3 Bc7 47. Bd2 Bb8 48. Be3 b4 49. Bd2 Bd6 50. Be3 g3 51. Bd2 Kg4 52. Ke2 Be7 53. Bh6 Bd6 54. Bg7 Kf4 55. Kd3 Kf5 56. Ke3 Kg5 57. Kf3 Kg6 58. Bh8 Kf5 59. Ke3 Bf4+ 60. Kd3 1/2-1/2

[Event "AUT-chT2O 0203"]
[Site "Austria"]
[Date "2002.11.23"]
[Round "4.4"]
[White "Bukacek, Emil"]
[Black "Fusi, Christoph"]
[Result "1/2-1/2"]
[WhiteElo "2268"]
[BlackElo "2297"]
[PlyCount "81"]
[EventDate "2002.10.25"]
[EventType "team-tourn"]
[EventRounds "11"]
[EventCountry "AUT"]
[SourceTitle "EXT 2020"]
[Source "ChessBase"]
[SourceDate "2019.10.17"]
[SourceVersion "1"]
[SourceVersionDate "2019.10.17"]
[SourceQuality "1"]
[WhiteTeam "Wien Austria"]
[BlackTeam "Donau"]
[WhiteTeamCountry "AUT"]
[BlackTeamCountry "AUT"]

1. e4 c6 2. d4 d5 3. f3 e6 4. Be3 dxe4 5. Nd2 Nf6 6. fxe4 e5 7. dxe5 Ng4 8. Qf3 Qa5 9. c3 Nxe3 10. Qxe3 Qxe5 11. Ngf3 Qh5 12. Bc4 Nd7 13. Rf1 Be7 14. g4 Qc5 15. Qe2 b5 16. b4 Qb6 17. Bb3 c5 18. e5 c4 19. Bc2 Nf8 20. Ne4 Ne6 21. 0-0-0 Bb7 22. Nd6+ Bxd6 23. Rxd6 Qc7 24. Qd2 Qe7 25. Nd4 Nxd4 26. Qxd4 0-0 27. Rd7 Qg5+ 28. Qf4 Qxf4+ 29. Rxf4 Bc6 30. Rd6 Rac8 31. Bf5 Rc7 32. e6 Be8 33. g5 Re7 34. exf7+ Rfxf7 35. Be6 Rxe6 36. Rxe6 Rxf4 37. Rxe8+ Kf7 38. Ra8 Rf1+ 39. Kb2 Rf2+ 40. Kb1 Rf1+ 41. Kb2 1/2-1/2

[Event "Jacques Lemans op 18th"]
[Site "St Veit"]
[Date "1999.??.??"]
[Round "1.18"]
[White "Bukacek, Emil"]
[Black "Krassnitzer, Otto"]
[Result "1-0"]
[WhiteElo "2275"]
[BlackElo "1815"]
[PlyCount "93"]
[EventDate "1999.07.??"]
[EventType "swiss"]
[EventRounds "9"]
[EventCountry "AUT"]
[SourceTitle "EXT 2004"]
[Source "ChessBase"]
[SourceDate "2003.11.25"]
[SourceVersion "1"]
[SourceVersionDate "2003.11.25"]
[SourceQuality "1"]

1. e4 g6 2. d4 Bg7 3. c3 d6 4. f4 Nf6 5. Bd3 0-0 6. Nf3 c5 7. dxc5 dxc5 8. e5 Nd5 9. Be4 Nb6 10. Qe2 Qc7 11. Na3 a6 12. Be3 f5 13. Bc2 Nd5 14. h4 Nxe3 15. Qxe3 b5 16. h5 Nd7 17. hxg6 hxg6 18. Ng5 Nxe5 19. fxe5 Qxe5 20. Qxe5 Bxe5 21. Kf2 Rd8 22. Rad1 Bb7 23. Bb3+ c4 24. Nxc4 bxc4 25. Bxc4+ e6 26. Nxe6 Rxd1 27. Rxd1 Rc8 28. Rd8+ Kf7 29. Nc5+ Ke7 30. Rxc8 Bxc8 31. Bxa6 Kd6 32. Bxc8 Kxc5 33. Ke3 Kd5 34. Kd3 Kc6 35. a4 Kc7 36. Be6 Kd6 37. Bf7 g5 38. Bg6 Ke6 39. a5 g4 40. a6 Bb8 41. b4 Ke5 42. c4 f4 43. Be4 Ba7 44. c5 f3 45. gxf3 g3 46. f4+ Kxf4 47. Bc6 1-0

[Event "Jacques Lemans op 18th"]
[Site "St Veit"]
[Date "1999.??.??"]
[Round "3.14"]
[White "Bukacek, Emil"]
[Black "Maierhofer, Gerhard"]
[Result "1-0"]
[WhiteElo "2275"]
[BlackElo "1898"]
[PlyCount "99"]
[EventDate "1999.07.??"]
[EventType "swiss"]
[EventRounds "9"]
[EventCountry "AUT"]
[SourceTitle "EXT 2004"]
[Source "ChessBase"]
[SourceDate "2003.11.25"]
[SourceVersion "1"]
[SourceVersionDate "2003.11.25"]
[SourceQuality "1"]

1. e4 c5 2. Nf3 d6 3. c3 Nf6 4. Be2 Nc6 5. d3 g6 6. 0-0 Bg7 7. Bg5 h6 8. Bf4 e5 9. Bc1 0-0 10. Re1 Ne8 11. Na3 f5 12. Nc2 d5 13. exd5 Qxd5 14. Nd2 Qf7 15. d4 cxd4 16. cxd4 e4 17. Bc4 Be6 18. Bxe6 Qxe6 19. Nb3 Rd8 20. Qe2 Nd6 21. Bf4 g5 22. Bxd6 Qxd6 23. Rad1 Kh7 24. h3 Rfe8 25. Qb5 Qd5 26. Qxd5 Rxd5 27. Ne3 Rb5 28. d5 Nb4 29. a4 Rb6 30. Nxf5 Bxb2 31. d6 Nc2 32. Re2 Rxb3 33. Rxc2 Bf6 34. d7 Rd8 35. Rc4 Rd3 36. Re1 Kg6 37. Ng3 e3 38. fxe3 R8xd7 39. Ne4 Be5 40. Nc5 Rd1 41. Nxd7 Rxd7 42. Kf2 h5 43. g4 h4 44. Ke2 Rf7 45. Rf1 Rd7 46. Re4 Bc7 47. Rf5 Rg7 48. Re6+ Kh7 49. Rff6 Rd7 50. Rh6+ 1-0

[Event "Jacques Lemans op 18th"]
[Site "St Veit"]
[Date "1999.??.??"]
[Round "6.14"]
[White "Mertens, Klaus"]
[Black "Bukacek, Emil"]
[Result "1/2-1/2"]
[WhiteElo "2136"]
[BlackElo "2275"]
[PlyCount "73"]
[EventDate "1999.07.??"]
[EventType "swiss"]
[EventRounds "9"]
[EventCountry "AUT"]
[SourceTitle "EXT 2004"]
[Source "ChessBase"]
[SourceDate "2003.11.25"]
[SourceVersion "1"]
[SourceVersionDate "2003.11.25"]
[SourceQuality "1"]

1. d4 f5 2. g3 Nf6 3. Bg2 g6 4. Nh3 d6 5. c3 c6 6. Qb3 e5 7. dxe5 dxe5 8. Bg5 Na6 9. Nd2 Nc5 10. Qc2 Bg7 11. 0-0 Be6 12. b4 Ncd7 13. e4 0-0 14. Kh1 Qe8 15. f3 Nh5 16. Nb3 Rc8 17. Be3 h6 18. Nc5 b6 19. Nxe6 Qxe6 20. Qd2 f4 21. gxf4 Nxf4 22. Bxf4 exf4 23. Nxf4 Qf6 24. Ne2 Ne5 25. f4 Rcd8 26. Nd4 Ng4 27. Bh3 c5 28. Bxg4 cxd4 29. c4 d3 30. Rab1 Kh8 31. e5 Qh4 32. e6 Rd4 33. Bf3 Rfxf4 34. Rbe1 Bf6 35. Re3 Qh3 36. Kg1 Be7 37. Rxd3 1/2-1/2

[Event "AUT-chT 9596"]
[Site "Austria"]
[Date "1996.??.??"]
[Round "?"]
[White "Bukacek, Emil"]
[Black "Bischoff, Klaus"]
[Result "0-1"]
[WhiteElo "2320"]
[BlackElo "2520"]
[PlyCount "80"]
[EventDate "1995.??.??"]
[EventType "team"]
[EventRounds "11"]
[EventCountry "AUT"]
[SourceTitle "CBM 052 Extra"]
[Source "ChessBase"]
[SourceDate "1996.07.01"]
[SourceVersion "1"]
[SourceVersionDate "1996.07.01"]
[SourceQuality "1"]

1. e4 e6 2. d4 c5 3. c3 d5 4. exd5 Qxd5 5. Nf3 Nf6 6. Bd3 cxd4 7. cxd4 Be7 8. Nc3 Qd6 9. 0-0 Nc6 10. a3 0-0 11. Be3 Rd8 12. Qc2 Bd7 13. Nb5 Qb8 14. Bg5 g6 15. Qd2 Nd5 16. Nc3 Bxg5 17. Qxg5 Qf4 18. h4 Nxd4 19. Nxd4 Qxd4 20. Rad1 Qf6 21. Ne4 Qxg5 22. hxg5 Bc6 23. Rfe1 Kg7 24. g3 Rh8 25. b4 a6 26. Nc5 h6 27. gxh6+ Rxh6 28. Be4 g5 29. Bg2 Rah8 30. f3 Ra8 31. Ne4 Kg6 32. Rb1 Rhh8 33. Bf1 Rhd8 34. Rbc1 Nf6 35. Rc2 Nxe4 36. fxe4 Rd4 37. Kf2 Kg7 38. Bg2 a5 39. Rb1 axb4 40. Rxb4 Rd3 0-1